Computer Networks: (Record no. 190623)

MARC details
000 -LEADER
fixed length control field 00712nam a22002057a 4500
005 - DATE AND TIME OF LATEST TRANSACTION
control field 20220801145214.0
010 ## - LCCN (DPL NO)
LC control number ENG-133802
020 ## - INTERNATIONAL STANDARD BOOK NUMBER
International Standard Book Number 9789389658330
Terms of availability 276.00
035 ## - SYSTEM CONTROL NUMBER
System control number EN-117334
037 ## - SOURCE OF ACQUISITION
Source of stock number/acquisition DBAD/PUB
082 ## - DEWEY DECIMAL CLASSIFICATION NUMBER
Classification number 005.74
100 ## - MAIN ENTRY--PERSONAL NAME
Personal name M. Neelamegan
245 ## - TITLE STATEMENT
Title Computer Networks:
Remainder of title As per Periyar University Syllabus for BCA & CS
Statement of responsibility, etc M. Neelamegan, R. Kaviyarasi & C. Prabu
260 ## - PUBLICATION, DISTRIBUTION, ETC. (IMPRINT)
Place of publication, distribution, etc Madurai
Name of publisher, distributor, etc Shanlax PUblications
Date of publication, distribution, etc 2019
270 ## - ADDRESS
Address 61, 66 T.P.K. Main Road Vasantha Nagar. Madurai
City Tamilnadu
Postal code 625003
Telephone number 7639303383
Electronic mail address publisher@shanlaxpublications.com
300 ## - PHYSICAL DESCRIPTION
Extent 212 p.
Dimensions 22 cm(pbk)
700 ## - ADDED ENTRY--PERSONAL NAME
Personal name Kaviyarasi, R.
700 ## - ADDED ENTRY--PERSONAL NAME
Personal name Prabu, C.
942 ## - ADDED ENTRY ELEMENTS (KOHA)
Source of classification or shelving scheme Dewey Decimal Classification
Item type English Books
Classification part 005.74
Call number suffix NEE
Holdings
Withdrawn status Lost status Not for loan Collection code Home library Current library Date acquired Source of acquisition Cost, normal purchase price Full call number Barcode Copy number Cost, replacement price Koha item type
      Non-fiction Bawana Bawana 01/08/2022 DBAD/PUB 276.00 005.74 NEE EN-117334 1 276.00 English Books

© Delhi Public Library
Hit Counter
free hit counter